Premier League Managers - Statistics

General Stats
  • This quiz has been taken 17 times
    6 since last reset
  • The average score is 13 of 20
Answer Stats
Club Answer % Correct
Chelsea Antonio Conte
100%
Arsenal Arsene Wenger
100%
Manchester United Jose Mourinho
100%
Manchester City Pep Guardiola
100%
Leicester Craig Shakespeare
83%
Bournemouth Eddie Howe
83%
Liverpool Jurgen Klopp
83%
Tottenham Mauricio Pochettino
83%
Burnley Sean Dyche
83%
West Brom Tony Pulis
83%
Sunderland David Moyes
67%
Southampton Claude Puel
50%
Hull Marco Silva
50%
Stoke Mark Hughes
50%
Everton Ronald Koeman
50%
Crystal Palace Sam Allardyce
50%
West Ham Slaven Bilic
50%
Swansea Paul Clement
17%
Middlesbrough Steve Agnew
17%
Watford Walter Mazzari
17%
No matching quizzes found
Score Distribution
Percent of People with Each Score
Percentile by Number Answered
Your Score History
You have not taken this quiz since the last reset